[Event "C'Chartres Blitz op April"]
[Site "Europe Echecs INT"]
[Date "2021.04.10"]
[Round "7"]
[White "Csano, Joseph"]
[Black "Kuhn, Mathilde"]
[Result "1/2-1/2"]
[WhiteElo "1490"]
[BlackElo "1877"]
[PlyCount "99"]
[EventDate "2021.04.10"]
[EventType "swiss (blitz)"]
[EventRounds "11"]
[EventCountry "FRA"]
[SourceTitle "CBM 201 Extra"]
[Source "ChessBase"]
[SourceDate "2021.05.31"]
[SourceVersion "1"]
[SourceVersionDate "2021.05.31"]
[SourceQuality "1"]

1. d4 Nf6 2. c4 e6 3. Nc3 Bb4 4. Qc2 d5 5. Bg5 h6 6. Bh4 c5 7. dxc5 Bxc5 8. 0-0-0 d4 9. Ne4 Be7 10. Bxf6 Bxf6 11. Nxf6+ Qxf6 12. Nf3 Nc6 13. a3 0-0 14. Qe4 Rd8 15. g4 e5 16. h4 Be6 17. g5 Qf4+ 18. Qxf4 exf4 19. b3 h5 20. Bh3 Bg4 21. Bxg4 hxg4 22. Nh2 Ne5 23. Rd2 d3 24. Rhd1 g3 25. fxg3 fxg3 26. Nf3 Ng4 27. Rxd3 Rxd3 28. Rxd3 g2 29. Ng1 Nf2 30. Rf3 Ne4 31. Rf4 Re8 32. Kc2 Ng3 33. Rf2 f6 34. Rxg2 Ne4 35. gxf6 Nxf6 36. Nf3 Re4 37. Ng5 Rxh4 38. Ne6 Rh7 39. Kd3 Nh5 40. e4 Rh6 41. Nd4 Kf7 42. Nf5 Rf6 43. Nh4 g5 44. Rh2 gxh4 45. Rxh4 Nf4+ 46. Kd4 Ne6+ 47. Kd5 Nf4+ 48. Kd4 Ne2+ 49. Kd3 Nf4+ 50. Kd4 1/2-1/2

[Event "C'Chartres Blitz op April"]
[Site "Europe Echecs INT"]
[Date "2021.04.10"]
[Round "11"]
[White "Emmenecker, Pierre Antoine"]
[Black "Kuhn, Mathilde"]
[Result "0-1"]
[WhiteElo "2166"]
[BlackElo "1877"]
[PlyCount "86"]
[EventDate "2021.04.10"]
[EventType "swiss (blitz)"]
[EventRounds "11"]
[EventCountry "FRA"]
[SourceTitle "CBM 201 Extra"]
[Source "ChessBase"]
[SourceDate "2021.05.31"]
[SourceVersion "1"]
[SourceVersionDate "2021.05.31"]
[SourceQuality "1"]

1. e4 c5 2. c3 d5 3. exd5 Qxd5 4. d4 Nf6 5. Nf3 e6 6. Be2 Be7 7. Be3 cxd4 8. cxd4 Nc6 9. Nc3 Qa5 10. 0-0 0-0 11. a3 a6 12. b4 Qc7 13. Rc1 Bd7 14. h3 Rac8 15. Qd2 Rfd8 16. b5 axb5 17. Nxb5 Qa5 18. Qb2 Nd5 19. Bd2 Qa8 20. Bd3 Na7 21. Rxc8 Rxc8 22. Nxa7 Qxa7 23. Ne5 Be8 24. a4 b6 25. Ra1 f6 26. Nf3 Ra8 27. a5 bxa5 28. Rxa5 Qb8 29. Qc2 Bb4 30. Rxa8 Qxa8 31. Bxh7+ Kh8 32. Be4 Qa1+ 33. Kh2 Bxd2 34. Qxd2 Bc6 35. Bxd5 Bxd5 36. Qf4 Qb2 37. Ng1 Kg8 38. Qe3 Kf7 39. Ne2 Qb6 40. Nf4 Qc6 41. Nxd5 Qxd5 42. Qf4 e5 43. dxe5 Qxe5 0-1

[Event "Cappelle Online Blitz op"]
[Site "Europe Echecs INT"]
[Date "2021.03.07"]
[Round "8"]
[White "Barzic, Mickael"]
[Black "Kuhn, Mathilde"]
[Result "1-0"]
[WhiteElo "1544"]
[BlackElo "1877"]
[PlyCount "55"]
[EventDate "2021.03.07"]
[EventType "swiss (blitz)"]
[EventRounds "11"]
[EventCountry "FRA"]
[SourceTitle "CBM 201 Extra"]
[Source "ChessBase"]
[SourceDate "2021.05.31"]
[SourceVersion "1"]
[SourceVersionDate "2021.05.31"]
[SourceQuality "1"]

1. f4 e5 2. fxe5 d6 3. Nf3 Nc6 4. e4 dxe5 5. Bb5 Bg4 6. 0-0 Bc5+ 7. Kh1 Nf6 8. d3 0-0 9. Bg5 Nd4 10. Nbd2 a6 11. Bc4 b5 12. Bb3 a5 13. a3 Qd6 14. Qc1 h6 15. Bxf6 Nxf3 16. Nxf3 Qxf6 17. Nd4 Qd6 18. Nxb5 Qc6 19. Nc3 Bd4 20. Bd5 Qc5 21. Bxa8 Rxa8 22. Na4 Qd6 23. c3 Ba7 24. c4 Qxd3 25. Qc3 Qxe4 26. Rae1 Qc6 27. Qc2 Bd4 28. Nc3 1-0

[Event "Cappelle Online Blitz op"]
[Site "Europe Echecs INT"]
[Date "2021.03.07"]
[Round "4"]
[White "Hucault, Christophe"]
[Black "Kuhn, Mathilde"]
[Result "1-0"]
[WhiteElo "1612"]
[BlackElo "1877"]
[PlyCount "105"]
[EventDate "2021.03.07"]
[EventType "swiss (blitz)"]
[EventRounds "11"]
[EventCountry "FRA"]
[SourceTitle "CBM 201 Extra"]
[Source "ChessBase"]
[SourceDate "2021.05.31"]
[SourceVersion "1"]
[SourceVersionDate "2021.05.31"]
[SourceQuality "1"]

1. d4 Nf6 2. Bf4 g6 3. e3 Bg7 4. Be2 d6 5. Nf3 0-0 6. h3 Nbd7 7. 0-0 b6 8. Nbd2 Bb7 9. c3 Qe8 10. Re1 e5 11. dxe5 dxe5 12. Bh2 Qe7 13. Qb3 Ne4 14. Nxe4 Bxe4 15. Nd2 Bb7 16. Bf3 Bxf3 17. Nxf3 Kh8 18. Rad1 Rad8 19. Qc4 Nc5 20. Rxd8 Rxd8 21. Bg3 f5 22. Bh4 Bf6 23. Bxf6+ Qxf6 24. Qh4 Qxh4 25. Nxh4 Nd3 26. Re2 Nc1 27. Rc2 Nxa2 28. b4 Rd1+ 29. Kh2 Nc1 30. Nf3 Nd3 31. Ra2 c5 32. bxc5 bxc5 33. Rxa7 Nxf2 34. Ra8+ Kg7 35. Ng5 Rh1+ 36. Kg3 Ne4+ 37. Nxe4 fxe4 38. Rc8 Re1 39. Kf2 Rd1 40. Rxc5 Rd3 41. Ke2 Rd6 42. Rxe5 Rc6 43. Rxe4 Rxc3 44. Re7+ Kh6 45. e4 Rc2+ 46. Kf3 Rc3+ 47. Kf4 Rc2 48. g4 Rh2 49. Kg3 Re2 50. e5 Kg5 51. h4+ Kh6 52. g5+ Kh5 53. Rxh7# 1-0

[Event "Cappelle Online Rapid op"]
[Site "Europe Echecs INT"]
[Date "2021.03.06"]
[Round "2"]
[White "Kuhn, Mathilde"]
[Black "Grieve, Harry"]
[Result "1/2-1/2"]
[WhiteElo "1877"]
[BlackElo "2351"]
[PlyCount "110"]
[EventDate "2021.03.06"]
[EventType "swiss (rapid)"]
[EventRounds "9"]
[EventCountry "FRA"]
[SourceTitle "CBM 201 Extra"]
[Source "ChessBase"]
[SourceDate "2021.05.31"]
[SourceVersion "1"]
[SourceVersionDate "2021.05.31"]
[SourceQuality "1"]

1. d4 d5 2. Nf3 e6 3. e3 Bd6 4. Bd3 f5 5. b3 c6 6. Bb2 Nf6 7. 0-0 Qe7 8. Ne5 0-0 9. c4 b6 10. Nd2 Bb7 11. Rc1 c5 12. cxd5 Nxd5 13. Ndc4 Na6 14. Nxd6 Qxd6 15. Qe2 Nab4 16. Bb1 cxd4 17. exd4 Nf4 18. Qe3 Nxg2 19. Qg3 Rf6 20. Ba3 a5 21. Nc4 Qd5 22. Nxb6 Qf3 23. Qxf3 Bxf3 24. Rc3 Nh4 25. Rfc1 Raf8 26. Nd7 Rg6+ 27. Kf1 Rd8 28. Ne5 Bg2+ 29. Ke2 Rf6 30. Rc8 Rff8 31. Rxd8 Rxd8 32. Bxb4 axb4 33. Nc6 Bxc6 34. Rxc6 Rxd4 35. Rxe6 Kf7 36. Rb6 f4 37. Bd3 Ke7 38. Bc4 f3+ 39. Ke3 Nf5+ 40. Kxf3 g5 41. Rxb4 g4+ 42. Kg2 Nh4+ 43. Kg3 Nf5+ 44. Kg2 Kf6 45. a4 Nh4+ 46. Kf1 Ke5 47. a5 Nf3 48. Kg2 Rd1 49. Bf1 h5 50. a6 Ra1 51. Ra4 Nh4+ 52. Kg3 Nf5+ 53. Kg2 Nh4+ 54. Kg3 Nf5+ 55. Kg2 Nh4+ 1/2-1/2

[Event "Ville d'Orsay online Blitz"]
[Site "Europe Echecs INT"]
[Date "2021.02.07"]
[Round "5"]
[White "Csano, Joseph"]
[Black "Kuhn, Mathilde"]
[Result "0-1"]
[WhiteElo "1490"]
[BlackElo "1877"]
[PlyCount "134"]
[EventDate "2021.02.07"]
[EventType "swiss (blitz)"]
[EventRounds "11"]
[EventCountry "FRA"]
[SourceTitle "CBM 200 Extra"]
[Source "ChessBase"]
[SourceDate "2021.03.31"]
[SourceVersion "1"]
[SourceVersionDate "2021.03.31"]
[SourceQuality "1"]

1. d4 Nf6 2. c4 g6 3. Nc3 Bg7 4. e4 d6 5. f3 0-0 6. Be3 Nbd7 7. Nge2 e5 8. d5 Qe7 9. Nc1 Ne8 10. Nb3 f5 11. Qd2 Nef6 12. Bg5 f4 13. 0-0-0 a5 14. a4 Nc5 15. Nxc5 dxc5 16. d6 cxd6 17. Qxd6 Qxd6 18. Rxd6 h6 19. Bxf6 Rxf6 20. Rxf6 Bxf6 21. Nd5 Kf7 22. Be2 Be6 23. Rd1 Rd8 24. Nb6 Rxd1+ 25. Kxd1 g5 26. Nd5 h5 27. Nc3 g4 28. Nb5 Kg6 29. Ke1 Bh4+ 30. Kf1 gxf3 31. gxf3 Be7 32. Nc3 Kg5 33. Nd5 Bf6 34. Ke1 Bd8 35. Bf1 Kh4 36. Kf2 Bh3 37. Nc3 Bxf1 38. Kxf1 Kh3 39. Kg1 Be7 40. Nd5 Bd6 41. Nf6 Kh4 42. Ne8 Bc7 43. Kg2 Bb8 44. Ng7 Kg5 45. Nf5 Kf6 46. Kh3 Kg5 47. Kg2 Kf6 48. h4 Ke6 49. Kf2 Bc7 50. Ng7+ Kf7 51. Nxh5 Kg6 52. Ng3 Bd8 53. Nf5 Kh5 54. Ke2 Bxh4 55. Kd3 Be1 56. Nd6 b6 57. Nf7 Kh4 58. Nxe5 Kg3 59. Nd7 Kxf3 60. Nxb6 Kg2 61. e5 f3 62. Nd5 Bh4 63. e6 f2 64. Ne3+ Kf3 65. Nf1 Kf4 66. Ne3 Ke5 67. Ke2 Kxe6 0-1

[Event "Ville d'Orsay online Blitz"]
[Site "Europe Echecs INT"]
[Date "2021.02.07"]
[Round "2"]
[White "Kuhn, Mathilde"]
[Black "Stephan, Victor"]
[Result "0-1"]
[WhiteElo "1877"]
[BlackElo "2430"]
[PlyCount "94"]
[EventDate "2021.02.07"]
[EventType "swiss (blitz)"]
[EventRounds "11"]
[EventCountry "FRA"]
[SourceTitle "CBM 200 Extra"]
[Source "ChessBase"]
[SourceDate "2021.03.31"]
[SourceVersion "1"]
[SourceVersionDate "2021.03.31"]
[SourceQuality "1"]

1. d4 Nf6 2. Nf3 e6 3. g3 d5 4. Bg2 c5 5. 0-0 cxd4 6. Nxd4 e5 7. Nb3 Be7 8. Bg5 Nbd7 9. Nc3 d4 10. Bxf6 Nxf6 11. Ne4 0-0 12. f4 exf4 13. Rxf4 Nd5 14. Rf3 Bg4 15. Rd3 Ne3 16. Qd2 Nxg2 17. Rxd4 Qb6 18. Kxg2 Qc6 19. Kg1 Bf5 20. Nc3 Bf6 21. Rd6 Qc4 22. Rd1 Rfe8 23. Rxf6 gxf6 24. Qh6 Re6 25. Rd4 Qc6 26. Rf4 Bg6 27. Nd4 Qc5 28. Kg2 Qg5 29. Qxg5 fxg5 30. Nxe6 gxf4 31. Nxf4 Bxc2 32. Ncd5 Be4+ 33. Kf2 Bxd5 34. Nxd5 Kg7 35. e4 Rc8 36. Nc3 a6 37. a4 Rc4 38. Ke3 Rb4 39. h4 Rxb2 40. g4 b5 41. axb5 axb5 42. Kd4 b4 43. Nd5 Rg2 44. g5 b3 45. Nc3 b2 46. Kd3 Rg3+ 47. Kc2 Rxc3+ 0-1

[Event "Ville d'Orsay online Blitz"]
[Site "Europe Echecs INT"]
[Date "2021.02.07"]
[Round "6"]
[White "Kuhn, Mathilde"]
[Black "Vlachos, Anatole"]
[Result "0-1"]
[WhiteElo "1877"]
[BlackElo "2406"]
[PlyCount "76"]
[EventDate "2021.02.07"]
[EventType "swiss (blitz)"]
[EventRounds "11"]
[EventCountry "FRA"]
[SourceTitle "CBM 200 Extra"]
[Source "ChessBase"]
[SourceDate "2021.03.31"]
[SourceVersion "1"]
[SourceVersionDate "2021.03.31"]
[SourceQuality "1"]

1. d4 d5 2. Nf3 e6 3. e3 Nf6 4. Bd3 Be7 5. b3 0-0 6. Bb2 c5 7. 0-0 Nc6 8. Nbd2 b6 9. Ne5 Bb7 10. f4 Bd6 11. g4 Ne7 12. Qf3 cxd4 13. exd4 Rc8 14. g5 Ne4 15. Nxe4 dxe4 16. Bxe4 Bxe5 17. fxe5 Bxe4 18. Qxe4 Nf5 19. h4 b5 20. Rad1 Qb6 21. Rxf5 exf5 22. Qxf5 b4 23. Kh2 Qc6 24. Rd2 Rfd8 25. d5 Qc5 26. d6 Rf8 27. Bd4 Qc6 28. h5 Rcd8 29. Bxa7 Qa6 30. Bc5 Qb5 31. Bd4 Rxd6 32. Qe4 Re6 33. Bb2 Qf1 34. Rd6 Qf2+ 35. Kh3 g6 36. hxg6 fxg6 37. Qxb4 Rf3+ 38. Kg4 Qg3# 0-1

[Event "Ville d'Orsay online Blitz"]
[Site "Europe Echecs INT"]
[Date "2021.02.07"]
[Round "11"]
[White "Razafindratsima, Timothe"]
[Black "Kuhn, Mathilde"]
[Result "1-0"]
[WhiteElo "2341"]
[BlackElo "1877"]
[PlyCount "43"]
[EventDate "2021.02.07"]
[EventType "swiss (blitz)"]
[EventRounds "11"]
[EventCountry "FRA"]
[SourceTitle "CBM 200 Extra"]
[Source "ChessBase"]
[SourceDate "2021.03.31"]
[SourceVersion "1"]
[SourceVersionDate "2021.03.31"]
[SourceQuality "1"]

1. e4 c5 2. Nf3 d6 3. Bb5+ Bd7 4. Bxd7+ Qxd7 5. 0-0 Nf6 6. Re1 Nc6 7. c3 e6 8. d4 cxd4 9. cxd4 Be7 10. Nc3 0-0 11. Bg5 Rac8 12. Qd2 Rfd8 13. Rad1 h6 14. Bh4 a6 15. d5 Ne5 16. Nd4 exd5 17. Bxf6 Bxf6 18. Nxd5 Be7 19. Nf5 Bf8 20. Nxh6+ Kh7 21. Nf5 g6 22. Nf6+ 1-0

[Event "Cappelle Online Blitz op 1st"]
[Site "Europe Echecs INT"]
[Date "2021.01.10"]
[Round "3"]
[White "Kuhn, Mathilde"]
[Black "Gourarier, Emmanuel"]
[Result "0-1"]
[WhiteElo "1877"]
[BlackElo "1463"]
[PlyCount "108"]
[EventDate "2021.01.10"]
[EventType "swiss (blitz)"]
[EventRounds "11"]
[EventCountry "FRA"]
[SourceTitle "CBM 200 Extra"]
[Source "ChessBase"]
[SourceDate "2021.03.31"]
[SourceVersion "1"]
[SourceVersionDate "2021.03.31"]
[SourceQuality "1"]

1. d4 g6 2. Nf3 Bg7 3. g3 Nf6 4. Bg2 0-0 5. c4 c6 6. 0-0 d5 7. Nfd2 Qb6 8. e3 Bg4 9. Qb3 Qxb3 10. axb3 Nbd7 11. Nc3 e5 12. dxe5 Nxe5 13. cxd5 cxd5 14. Nxd5 Nxd5 15. Bxd5 Bh3 16. Rd1 Nd3 17. Nc4 Nxc1 18. Rdxc1 Rad8 19. Bxb7 Rb8 20. Rxa7 Rfd8 21. f4 Rd7 22. Na5 Bxb2 23. Rc8+ Rxc8 24. Bxc8 Rxa7 25. Bxh3 Rxa5 26. Kf2 Ra3 27. Kf3 Rxb3 28. g4 Bc1 29. f5 Rxe3+ 30. Kg2 gxf5 31. gxf5 Re2+ 32. Kg3 Re5 33. Bg4 Kg7 34. h4 Kf6 35. h5 Rxf5 36. Bxf5 Kxf5 37. Kh4 Bg5+ 38. Kg3 Bf4+ 39. Kh4 f6 40. h6 Bxh6 41. Kh5 Ke4 42. Kxh6 f5 43. Kg5 f4 44. Kg4 Ke3 45. Kh3 Ke2 46. Kh4 f3 47. Kh5 f2 48. Kh6 f1Q 49. Kxh7 Ke3 50. Kh6 Qg1 51. Kh5 Kf4 52. Kh6 Kf5 53. Kh7 Kf6 54. Kh8 Qg7# 0-1

[Event "Cappelle Online Blitz op 1st"]
[Site "Europe Echecs INT"]
[Date "2021.01.10"]
[Round "8"]
[White "Saba, Nathalie"]
[Black "Kuhn, Mathilde"]
[Result "1-0"]
[WhiteElo "1626"]
[BlackElo "1877"]
[PlyCount "95"]
[EventDate "2021.01.10"]
[EventType "swiss (blitz)"]
[EventRounds "11"]
[EventCountry "FRA"]
[SourceTitle "CBM 200 Extra"]
[Source "ChessBase"]
[SourceDate "2021.03.31"]
[SourceVersion "1"]
[SourceVersionDate "2021.03.31"]
[SourceQuality "1"]

1. e4 c5 2. Nf3 d6 3. d4 cxd4 4. Nxd4 Nf6 5. Nc3 a6 6. Be3 e5 7. Nb3 Be6 8. Bd3 Be7 9. 0-0 0-0 10. Kh1 Ng4 11. Bd2 b5 12. h3 Nf6 13. f4 Nbd7 14. f5 Bc4 15. Qf3 d5 16. Nxd5 Bxd5 17. exd5 Nb6 18. Ba5 Nfxd5 19. Be4 Qd6 20. Rad1 Rad8 21. Bxd5 Nxd5 22. Bxd8 Rxd8 23. Rd3 Qc6 24. Rfd1 Qxc2 25. Rxd5 Re8 26. Rxe5 h6 27. Qe2 Qxe2 28. Rxe2 Kf8 29. Rde1 f6 30. Nd4 Kf7 31. Nc6 b4 32. Rxe7+ Rxe7 33. Rxe7+ Kf8 34. Ra7 b3 35. axb3 a5 36. Rxa5 g6 37. fxg6 Kg7 38. Nd4 Kxg6 39. Rc5 f5 40. b4 f4 41. b5 f3 42. Nxf3 h5 43. b6 h4 44. b7 Kf7 45. b8Q Ke6 46. Qb6+ Ke7 47. Rc7+ Kd8 48. Qb8# 1-0

[Event "Trophee Roza Lallemand Online"]
[Site "Tornelo INT"]
[Date "2020.12.13"]
[Round "4"]
[White "Kuhn, Mathilde"]
[Black "Alfano, Emilie"]
[Result "0-1"]
[WhiteElo "1877"]
[BlackElo "1621"]
[PlyCount "60"]
[EventDate "2020.12.13"]
[EventType "swiss (rapid)"]
[EventRounds "9"]
[EventCountry "USA"]
[SourceTitle "EXT 2022"]
[Source "ChessBase"]
[SourceDate "2021.10.06"]
[SourceVersion "1"]
[SourceVersionDate "2021.10.06"]
[SourceQuality "1"]

1. d4 d5 2. Nf3 e6 3. e3 Nf6 4. Bd3 Be7 5. b3 0-0 6. Bb2 b6 7. 0-0 Bb7 8. Nbd2 c5 9. Ne5 Nc6 10. f4 Nb4 11. Be2 cxd4 12. exd4 Rc8 13. c3 Nc6 14. Bd3 Nxe5 15. fxe5 Nd7 16. Rf3 f6 17. Rh3 f5 18. Qh5 h6 19. Qg6 Bg5 20. Qxe6+ Kh8 21. Bxf5 Rxf5 22. Qxf5 Bxd2 23. Rf1 Ba6 24. Rf2 Bg5 25. e6 Nf8 26. Ba3 Be7 27. Bxe7 Qxe7 28. Qxd5 Qxe6 29. Rxf8+ Rxf8 30. Rf3 Qe1+ 0-1

[Event "Trophee Roza Lallemand Online"]
[Site "Tornelo INT"]
[Date "2020.12.13"]
[Round "7"]
[White "Naville, Lea"]
[Black "Kuhn, Mathilde"]
[Result "0-1"]
[WhiteElo "1328"]
[BlackElo "1877"]
[PlyCount "164"]
[EventDate "2020.12.13"]
[EventType "swiss (rapid)"]
[EventRounds "9"]
[EventCountry "USA"]
[SourceTitle "EXT 2022"]
[Source "ChessBase"]
[SourceDate "2021.10.06"]
[SourceVersion "1"]
[SourceVersionDate "2021.10.06"]
[SourceQuality "1"]

1. d4 Nf6 2. Bf4 g6 3. Nf3 Bg7 4. Nc3 d5 5. Qd2 c6 6. e3 b5 7. Bd3 0-0 8. e4 b4 9. Qe3 bxc3 10. bxc3 dxe4 11. Bxe4 Nxe4 12. Qxe4 Bf5 13. Qe2 c5 14. 0-0 cxd4 15. cxd4 Nc6 16. Rad1 Qd5 17. c3 Qe4 18. Qd2 Rad8 19. Rfe1 Qc2 20. Qe3 Qxa2 21. Bh6 Qd5 22. Bxg7 Kxg7 23. Rc1 Qc4 24. Qd2 Rfe8 25. Ne5 Nxe5 26. Rxe5 Qd3 27. Qa2 f6 28. Re3 Qb5 29. Qxa7 Rd7 30. Qa3 e5 31. dxe5 Rxe5 32. Rxe5 Qxe5 33. Qa4 Re7 34. h3 Qe4 35. Qa3 Rc7 36. Qd6 Qc6 37. Qd4 Qc4 38. Qe3 Qd3 39. Qe1 Be4 40. f3 Bd5 41. Kh1 Kf7 42. Kg1 Re7 43. Qf2 Qe3 44. Qxe3 Rxe3 45. Kf2 Re6 46. c4 Bc6 47. c5 Re5 48. f4 Re4 49. g3 Ke6 50. Rd1 Bd5 51. Rc1 Rc4 52. Re1+ Kd7 53. Re3 Rxc5 54. Rd3 Kc6 55. Ke3 f5 56. Kd4 Be4 57. Re3 Rd5+ 58. Kc3 Rd1 59. h4 Rf1 60. Kd4 Rf3 61. Rxf3 Bxf3 62. Ke5 Kc5 63. Kf6 Kd4 64. Kg7 Ke3 65. Kxh7 Bh5 66. Kh6 Kf3 67. Kg5 Kxg3 68. Kh6 Kxf4 69. Kg7 Kg4 70. Kf6 f4 71. Ke5 f3 72. Ke4 f2 73. Ke3 f1Q 74. Ke4 Qf3+ 75. Ke5 Qf4+ 76. Ke6 Qf5+ 77. Kd6 Kf4 78. Ke7 Ke5 79. Kd8 Qf7 80. Kc8 Kd6 81. Kb8 Kc6 82. Ka8 Qb7# 0-1

[Event "C'Chartres Blitz op"]
[Site "Europe Echecs INT"]
[Date "2020.11.28"]
[Round "5"]
[White "Eden, James"]
[Black "Kuhn, Mathilde"]
[Result "1-0"]
[WhiteElo "2323"]
[BlackElo "1852"]
[PlyCount "65"]
[EventDate "2020.11.28"]
[EventType "swiss (blitz)"]
[EventRounds "11"]
[EventCountry "FRA"]
[SourceTitle "CBM 199 Extra"]
[Source "ChessBase"]
[SourceDate "2021.01.31"]
[SourceVersion "1"]
[SourceVersionDate "2021.01.31"]
[SourceQuality "1"]

1. e4 c5 2. Nf3 d6 3. d4 cxd4 4. Nxd4 Nf6 5. Nc3 a6 6. a3 e5 7. Nf5 Nxe4 8. Nxg7+ Bxg7 9. Nxe4 d5 10. Ng3 0-0 11. Nh5 Bf5 12. Nxg7 Kxg7 13. Be2 Bg6 14. 0-0 Nc6 15. f4 Nd4 16. Bd3 e4 17. Be2 Nf5 18. g4 Qb6+ 19. Kh1 Ne3 20. Bxe3 Qxe3 21. f5 Rad8 22. fxg6 hxg6 23. Qe1 d4 24. Qf2 Qg5 25. Rad1 f6 26. Rxd4 Qe5 27. Rfd1 e3 28. Rd7+ Kg8 29. Bc4+ Kh8 30. Qh4+ Qh5 31. gxh5 g5 32. Qe4 Rxd7 33. Rxd7 1-0

[Event "C'Chartres Blitz op"]
[Site "Europe Echecs INT"]
[Date "2020.11.28"]
[Round "1"]
[White "Kuhn, Mathilde"]
[Black "Maghsoodloo, Parham"]
[Result "0-1"]
[WhiteElo "1852"]
[BlackElo "2676"]
[PlyCount "68"]
[EventDate "2020.11.28"]
[EventType "swiss (blitz)"]
[EventRounds "11"]
[EventCountry "FRA"]
[SourceTitle "CBM 199 Extra"]
[Source "ChessBase"]
[SourceDate "2021.01.31"]
[SourceVersion "1"]
[SourceVersionDate "2021.01.31"]
[SourceQuality "1"]

1. d4 Nf6 2. Nf3 e6 3. e3 b6 4. Bd3 Bb7 5. b3 Bb4+ 6. Nbd2 Bc3 7. Rb1 c5 8. 0-0 Nc6 9. Ne4 Nxe4 10. Bxe4 d5 11. Bd3 0-0 12. Bd2 Bxd2 13. Qxd2 Rc8 14. c4 cxd4 15. exd4 dxc4 16. Bxc4 Ne7 17. Be2 Nf5 18. Rfd1 Qf6 19. Qg5 Qxg5 20. Nxg5 Rfd8 21. Bf3 Ba6 22. d5 h6 23. Nh3 Nh4 24. dxe6 Nxf3+ 25. gxf3 fxe6 26. Nf4 Kf7 27. Rbc1 g5 28. Ng2 Be2 29. Rxd8 Rxc1+ 30. Ne1 Rxe1+ 31. Kg2 Bf1+ 32. Kg3 Bb5 33. Ra8 Rg1+ 34. Kh3 Bf1# 0-1

[Event "FRA-ch Blitz Online Qual"]
[Site "Europe Echecs INT"]
[Date "2020.05.16"]
[Round "10"]
[White "Delin, Valere"]
[Black "Kuhn, Mathilde"]
[Result "1-0"]
[WhiteElo "2043"]
[BlackElo "1764"]
[PlyCount "59"]
[EventDate "2020.05.16"]
[EventType "swiss (blitz)"]
[EventRounds "15"]
[EventCountry "FRA"]
[SourceTitle "CBM 196 Extra"]
[Source "ChessBase"]
[SourceDate "2020.07.31"]
[SourceVersion "1"]
[SourceVersionDate "2020.07.31"]
[SourceQuality "1"]

1. e4 c5 2. Nf3 d6 3. d4 cxd4 4. Nxd4 Nf6 5. Nc3 a6 6. Bg5 e6 7. f4 Qb6 8. Qd2 Nc6 9. Nb3 Qc7 10. Bd3 Be7 11. 0-0-0 0-0 12. h4 b5 13. h5 h6 14. Bxf6 Bxf6 15. g4 b4 16. Nb1 a5 17. g5 hxg5 18. fxg5 Be5 19. g6 a4 20. Na1 Nd4 21. Rdg1 b3 22. Nc3 bxa2 23. h6 Nf3 24. Qg2 Nxg1 25. hxg7 Bxg7 26. Qh2 fxg6 27. Qh7+ Kf7 28. Rxg1 Rg8 29. e5 Qc5 30. Bxg6+ 1-0

[Event "FRA-ch Blitz Online Qual"]
[Site "Europe Echecs INT"]
[Date "2020.05.16"]
[Round "11"]
[White "Kuhn, Mathilde"]
[Black "Percheron, Andre"]
[Result "0-1"]
[WhiteElo "1764"]
[BlackElo "1846"]
[PlyCount "110"]
[EventDate "2020.05.16"]
[EventType "swiss (blitz)"]
[EventRounds "15"]
[EventCountry "FRA"]
[SourceTitle "CBM 196 Extra"]
[Source "ChessBase"]
[SourceDate "2020.07.31"]
[SourceVersion "1"]
[SourceVersionDate "2020.07.31"]
[SourceQuality "1"]

1. e4 c5 2. c3 Nf6 3. e5 Nd5 4. d4 cxd4 5. Nf3 d6 6. cxd4 dxe5 7. dxe5 Bg4 8. h3 Bh5 9. Qb3 Bxf3 10. Qxf3 e6 11. Bb5+ Nc6 12. 0-0 Be7 13. Qg3 g6 14. Rd1 Qb6 15. Bxc6+ Qxc6 16. Bg5 Bxg5 17. Qxg5 0-0 18. Nd2 Qc2 19. Ne4 Qxe4 20. Re1 Qf5 21. Qd2 Rfd8 22. Qa5 b6 23. Qb5 Rac8 24. Rac1 Rxc1 25. Rxc1 Qxe5 26. Qc6 Qd6 27. Qc2 Nf4 28. Qc4 Qe5 29. Kh1 Rd2 30. Qc8+ Kg7 31. Rc2 Qe1+ 32. Kh2 Rxc2 33. Qxc2 Qe5 34. g3 Nd5 35. Qc4 a5 36. Qb5 Kf6 37. Qd3 Nb4 38. Qf3+ Kg7 39. a3 Nd5 40. Qb3 Qf6 41. Qc2 h5 42. Kg2 b5 43. Qc5 b4 44. Qxa5 bxa3 45. Qxa3 Qd4 46. Qb3 Nf6 47. Qc2 Ne4 48. b3 Qd5 49. Kg1 Nd2 50. Qb2+ f6 51. b4 Nf3+ 52. Kf1 Qd1+ 53. Kg2 Ne1+ 54. Kh2 Qf3 55. h4 Qg2# 0-1

[Event "FRA-ch Blitz Online Qual"]
[Site "Europe Echecs INT"]
[Date "2020.05.16"]
[Round "5"]
[White "Kuhn, Mathilde"]
[Black "Zanin, Dario"]
[Result "1-0"]
[WhiteElo "1764"]
[BlackElo "1918"]
[PlyCount "69"]
[EventDate "2020.05.16"]
[EventType "swiss (blitz)"]
[EventRounds "15"]
[EventCountry "FRA"]
[SourceTitle "CBM 196 Extra"]
[Source "ChessBase"]
[SourceDate "2020.07.31"]
[SourceVersion "1"]
[SourceVersionDate "2020.07.31"]
[SourceQuality "1"]

1. e4 e5 2. Nf3 Nc6 3. d4 exd4 4. Bc4 Nf6 5. e5 d5 6. Bb5 Ne4 7. Nxd4 Bd7 8. Bxc6 bxc6 9. 0-0 Bc5 10. Be3 0-0 11. f3 Ng5 12. f4 Ne6 13. c3 Rb8 14. Qd2 Nxd4 15. Bxd4 Bxd4+ 16. cxd4 g6 17. Nc3 Qe7 18. Rac1 Qb4 19. b3 c5 20. dxc5 Qxc5+ 21. Kh1 c6 22. Ne4 Qe7 23. Nf6+ Kg7 24. Qc3 Be6 25. Qxc6 Rfc8 26. Qa6 Rxc1 27. Rxc1 Rb6 28. Qe2 d4 29. Qd3 Qb4 30. Rd1 Rc6 31. h3 Qa3 32. Qxd4 Qxa2 33. Qd8 Qa3 34. Qg8+ Kh6 35. Qxh7# 1-0

[Event "FRA-ch Blitz Online Qual"]
[Site "Europe Echecs INT"]
[Date "2020.05.16"]
[Round "12"]
[White "Lardon, Quentin"]
[Black "Kuhn, Mathilde"]
[Result "1-0"]
[WhiteElo "2013"]
[BlackElo "1764"]
[PlyCount "61"]
[EventDate "2020.05.16"]
[EventType "swiss (blitz)"]
[EventRounds "15"]
[EventCountry "FRA"]
[SourceTitle "CBM 196 Extra"]
[Source "ChessBase"]
[SourceDate "2020.07.31"]
[SourceVersion "1"]
[SourceVersionDate "2020.07.31"]
[SourceQuality "1"]

1. c4 c5 2. Nc3 Nc6 3. g3 g6 4. Bg2 Bg7 5. e3 Nh6 6. Nge2 Nf5 7. 0-0 0-0 8. a3 d6 9. Rb1 a6 10. b4 cxb4 11. axb4 Rb8 12. b5 axb5 13. cxb5 Ne5 14. d4 Nc4 15. Qd3 Nb6 16. e4 Nh6 17. h3 f5 18. Be3 fxe4 19. Nxe4 Nf5 20. N2c3 Nxe3 21. fxe3 Bf5 22. g4 Bxe4 23. Nxe4 e5 24. dxe5 dxe5 25. Qxd8 Rbxd8 26. Nc5 Nd5 27. Nxb7 Nxe3 28. Nxd8 Nxf1 29. Ne6 Re8 30. Rxf1 Rxe6 31. Bd5 1-0